| 000 | 01579nam a2200277Ia 4500 | ||
|---|---|---|---|
| 999 |
_c38566 _d38566 |
||
| 001 | 4682 | ||
| 003 | GE_BSU | ||
| 005 | 20200123120202.0 | ||
| 008 | 181216s2011||||ge |||||||||||||| ||geo|| | ||
| 020 | _a9789994090723 | ||
| 040 | _cGE_BSU | ||
| 041 | _ageo | ||
| 080 | _a618(075.8) გ-50 | ||
| 245 |
_aგინეკოლოგია : _bსახელმძღვანელო უმაღლესი სამედიცინო სასწავლებლის სტუდენტებისათვის და ექიმებისათვის / _cლ. ვასილევსკაია, ვ. გრიშენკო, ნ. კბზევა და სხვ. ; ლ. ვასილევსკაოიას რედაქციით ; თარგ. რედ. ომარ ჭანიშვილი. |
||
| 250 | _aმე–3 გადამუშ. გამოც. | ||
| 264 |
_aთბილისი : _bმთაწმინდელი ; _c2011. |
||
| 300 |
_a392 გვ. : _bსურ. ; _c21 სმ. |
||
| 490 | _aსასწავლო ლიტერატურა | ||
| 653 | _aგინეკოლოგია | ||
| 653 | _aმედიცინა | ||
| 700 |
_a ვასილევსკაია, ლ.ნ. _eავტორი _96334 |
||
| 700 |
_a გრიშჩენკო, ვ.ი. _eავტორი _96335 |
||
| 700 |
_a კობზევა, ნ.ვ. _eავტორი _96336 |
||
| 700 |
_a იუროვსკაია, ვ.პ. და სხვ. _eავტორი _96337 |
||
| 942 |
_cBK _2udc |
||